| 000 | 02493cam a22003974a 4500 | ||
|---|---|---|---|
| 999 |
_c3970 _d3970 |
||
| 001 | 7784952 | ||
| 003 | Nust | ||
| 005 | 20180709082825.0 | ||
| 008 | 090616s2010 enk b 001 0 eng | ||
| 010 | _a 2009024749 | ||
| 020 |
_a9780415487320 (pbk.) _cRs. 688 |
||
| 020 | _a0415487323 (pbk.) | ||
| 020 | _a9780203864661 (eb) | ||
| 020 | _a0203864662 (eb) | ||
| 024 | _a99937688499 | ||
| 035 | _a(OCoLC)ocn352542384 | ||
| 035 | _a(OCoLC)352542384 | ||
| 035 | _a(NNC)7784952 | ||
| 038 | _aArshad | ||
| 040 |
_aDLC _cDLC _dYDX _dBWK _dBWX _dUKM |
||
| 050 | 0 | 0 |
_aB1649 _b.R91 2010 |
| 082 | 0 | 0 |
_a192 _222 _bRUS |
| 100 | 1 |
_aRussell, Bertrand, _d1872-1970. _91985 |
|
| 245 | 1 | 0 |
_aFact and fiction / _cBertrand Russell. |
| 260 |
_aLondon ; _aNew York : _bRoutledge, _cc2010. |
||
| 300 |
_axv, 304 p. ; _c20 cm. |
||
| 490 | 1 | _aRoutledge classics | |
| 500 | _aOriginally published: London : Allen & Unwin, 1961. | ||
| 504 | _aIncludes bibliographical references and index. | ||
| 505 | 0 | _aIntroduction -- Part I: Books that influenced me in youth -- The importance of Shelley -- The romance of revolt -- Revolt in the abstract -- Disgust and its antidote -- An education in history -- The pursuit of truth -- Part II: Politics and education -- What is freedom? -- What is democracy? -- A scientist's plea for democracy -- The story of colonization -- Pros and cons of nationalism -- The reasoning of Europeans -- The world I should like to live in -- Old and young cultures -- Education for a difficult world -- University education -- Part III: Divertissements -- Cranks -- The right will prevail or the road to Lhasa -- Newly discovered maxims of La Rochefoucauld -- Nightmares -- The fisherman's nightmare or 'magna est veritas' -- The theologian's nightmare -- Dreams -- Jowett -- God -- Henry the Navigator -- Prince Napoleon Louis -- The catalogue -- Parables -- Planetary effulgence -- The misfortune of being out of date -- Murderers' fatherland -- Part IV: Peace and war -- Psychology and East-West tension -- War and peace in my lifetime -- The social responsibilities of scientists -- Three essentials for a stable world -- Population pressure and war -- Vienna address -- Manchester address -- What neutrals can do to save the world -- The case for British neutralism -- Can war be abolished? -- Human life is in danger. | |
| 650 | 0 |
_aPhilosophy. _91793 |
|
| 830 | 0 |
_aRoutledge classics. _911441 |
|
| 942 |
_2ddc _cBK |
||
| 948 | 1 |
_a20100609 _bc _csds12 _dMPS |
|